Auckland... or Wellington? - Statistics

General Stats
  • This quiz has been taken 342 times
  • The average score is 11 of 15
Answer Stats
Question Answer % Correct
Home of the Sky Tower (pictured) Auckland
97%
Home of Eden Park, venue of the latest Rugby World Cup final Auckland
95%
Lies further to the north Auckland
95%
Has more inhabitants Auckland
92%
Its Maori name is Tamaki Makaurau Auckland
87%
Has a greater proportion of Asian and Pacific Island inhabitants Auckland
86%
Is (or has been) New Zealand's capital city both
78%
Home to Weta Workshops, where special effects for many movies, including Lord of the Rings, were created Wellington
78%
Hammered by an earthquake in 1855, and still experiences them at least yearly Wellington
76%
You can fly non-stop to both Sydney and Melbourne from here both
71%
Its main train station is underground Auckland
68%
Situated on New Zealand's main trunk road, State Highway 1 both
56%
Its port is 20 kilometres (or more) from its downtown neither
46%
Has New Zealand's longest road bridge neither
21%
Lies further to the east neither
6%
No matching quizzes found
Score Distribution
Percent of People with Each Score
Percentile by Number Answered
Your Score History
You have not taken this quiz